| 000 | 00448nam a2200157Ia 4500 | ||
|---|---|---|---|
| 003 | GCL | ||
| 008 | 140319s9999 xx 000 0 eng d | ||
| 040 |
_aGCL / _cGCL |
||
| 082 | 0 | 4 |
_a327.9 _bZ H |
| 100 | 1 | _aZORGBIBE, CHARLES | |
| 245 | 1 | 0 |
_aHISTOIRE DES RELATION INTERNATIONALES / _cZORGBIBE, CHARLES |
| 260 |
_a[S.N] : _bHACHETTE ، _c1995 |
||
| 650 | 0 | 4 | _aINTERNATIONAL RELATIONS |
| 650 | 0 | 4 | _aINTERNATIONAL RELATIONS - HISTORY |
| 942 |
_2ddc _cBK |
||
| 999 |
_c14133 _d14133 |
||